A voyage to the Kingdom of Chili in America
Salvato in:
| Autori principali: | , , |
|---|---|
| Natura: | Libro |
| Lingua: | inglese |
| Pubblicazione: |
Londres
Henry Lintot and John Osborn
1744
|
| Edizione: | 3a. ed |
| Soggetti: | |
| Tags: |
Aggiungi Tag
Nessun Tag, puoi essere il primo ad aggiungerne!!
|
MARC
| LEADER | 00000nam a2200000 a 4500 | ||
|---|---|---|---|
| 001 | UCJ3647 | ||
| 003 | CL-VaPUC | ||
| 008 | 070124e17440000UK |||||||||||||||||eng|d | ||
| 082 | 0 | 4 | |a 910.4 |b BRE |2 21 |
| 100 | 0 | |a Brewer, Henry |e author |9 505749 | |
| 700 | 0 | |a Heckerman, Elias |e author |9 505750 | |
| 700 | 0 | |a Candidius, George |e author |9 505751 | |
| 245 | 1 | 2 | |a A voyage to the Kingdom of Chili in America |
| 250 | |a 3a. ed | ||
| 300 | |a 31 p | ||
| 942 | |c BK | ||
| 945 | |d 20070124 00:00:00 |a rinostro | ||
| 260 | |a Londres |b Henry Lintot and John Osborn |c 1744 | ||
| 500 | |a Performed by Mr. Henry Brewer, and Mr. Elias Herckeman, In the Years 1642, and 1643. With a Description of The isle of Formosa and Japan. Ilustrated with Copper Plates | ||
| 500 | |a Se trata de una separata del Primer Vol. de la obra A Collection of Yoyages and Travels...que, en seis volúmenes de formato mayor, se encuentra en esta misma Biblioteca | ||
| 600 | 0 | 7 | |a BROUWER, HENRY |2 CL-VaPUC |9 505752 |
| 650 | 0 | |a Historia de Chile |9 265473 | |
| 650 | 7 | |a CARTOGRAFIA COLONIAL |2 CL-VaPUC |9 505667 | |
| 650 | 0 | |a Flora y fauna |9 338564 | |
| 650 | 0 | |a Antropología cultural y social |9 265143 | |
| 650 | 0 | |a Desarrollo cultural |9 267526 | |
| 650 | 0 | |a Mapas |9 260844 | |
| 651 | 0 | |a Chiloé |9 265209 | |
| 651 | 0 | |a China |9 257545 | |
| 651 | 7 | |a FORMOSA |2 CL-VaPUC |9 447080 | |
| 583 | |a last modification |c 20070124 00:00:00 |k Rodrigo Vera | ||
| 999 | |c 319769 |d 319767 | ||
| 952 | |0 0 |1 0 |4 0 |6 910_400000000000000_BRE_1744 |7 0 |8 X |9 398146 |a FDOBUD |b FDOBUD |d 2019-11-22 |i 100655K |o 910.4 BRE 1744 |p 100655K |r 2019-11-22 |w 2019-11-22 |y BK_X |k BUD | ||